| 000 | 00571nam a2200145Ia 4500 | ||
|---|---|---|---|
| 008 | 190813s9999 xx 000 0 und d | ||
| 020 | _a9781524760915 | ||
| 100 | _aRubin, Gretchen. | ||
| 245 |
_cGretchen Rubin.-- _aThe Four tendencies : _bthe indispensable personality profiles that reveal how to make your life better ( and other people's lives better, too) / |
||
| 260 |
_aNew York : _bHarmony books _c2017 |
||
| 300 | _aix, 257 pages. | ||
| 500 | _aIncludes bibliographic references and index. | ||
| 650 | _aPersonality. | ||
| 650 | _aSelf-actualization (Psychology). | ||
| 999 |
_c362036 _d362036 |
||